[Event "WCO 2016"]
[Site "?"]
[Date "2016.09.09"]
[Round "7"]
[Board "3"]
[WhiteID "2501465"]
[White "Longson Sarah N"]
[BlackID "7601263"]
[Black "Al-Mahmoud Rola"]
[Result "0-1"]
[BlackElo "1684"]
[WhiteElo "2103"]
[LiveChessVersion "1.4.8"]

1. e4 {[%clk 1:30:59]} c5 {[%clk 1:30:55]} 2. Nf3 {[%clk 1:31:26]} e6
{[%clk 1:31:22]} 3. d4 {[%clk 1:31:53]} cxd4 {[%clk 1:31:45]} 4. Nxd4
{[%clk 1:32:19]} a6 {[%clk 1:32:07]} 5. Nc3 {[%clk 1:32:37]} Qc7 {[%clk 1:32:33]}
6. Bd3 {[%clk 1:30:13]} Nc6 {[%clk 1:30:13]} 7. Nxc6 {[%clk 1:30:31]} bxc6
{[%clk 1:30:37]} 8. Qe2 {[%clk 1:25:34]} Bb7 {[%clk 1:28:42]} 9. O-O
{[%clk 1:23:07]} d5 {[%clk 1:28:24]} 10. f4 {[%clk 1:22:07]} Nf6 {[%clk 1:20:11]}
11. Bd2 {[%clk 1:16:25]} Bc5+ {[%clk 1:16:37]} 12. Kh1 {[%clk 1:16:00]} O-O
{[%clk 1:15:11]} 13. e5 {[%clk 1:13:38]} Nd7 {[%clk 1:11:38]} 14. Rf3
{[%clk 1:09:44]} f5 {[%clk 1:04:35]} 15. exf6 {[%clk 1:09:45]} Rxf6
{[%clk 1:04:53]} 16. Rg3 {[%clk 1:02:03]} Nf8 {[%clk 1:01:16]} 17. Qg4
{[%clk 0:58:49]} Bd6 {[%clk 0:55:35]} 18. Ne2 {[%clk 0:46:57]} e5
{[%clk 0:44:47]} 19. Bc3 {[%clk 0:34:24]} exf4 {[%clk 0:26:23]} 20. Bxf6
{[%clk 0:16:25]} fxg3 {[%clk 0:26:42]} 21. Nxg3 {[%clk 0:14:12]} Bc8
{[%clk 0:24:09]} 22. Nf5 {[%clk 0:11:24]} Bxf5 {[%clk 0:21:05]} 23. Bxf5
{[%clk 0:11:48]} h5 {[%clk 0:18:56]} 24. Be6+ {[%clk 0:11:22]} Nxe6
{[%clk 0:17:02]} 25. Qxe6+ {[%clk 0:11:41]} Kh8 {[%clk 0:17:01]} 26. Bc3
{[%clk 0:10:54]} Qe7 {[%clk 0:14:21]} 27. Qh6+ {[%clk 0:10:55]} Kg8
{[%clk 0:13:52]} 28. Qxh5 {[%clk 0:09:52]} Rf8 {[%clk 0:13:16]} 29. Qg6
{[%clk 0:04:14]} Bxh2 {[%clk 0:06:38]} 30. Re1 {[%clk 0:03:31]} Bc7
{[%clk 0:03:38]} 31. g3 {[%clk 0:03:49]} Qf7 {[%clk 0:03:36]} 32. Qxf7+
{[%clk 0:03:27]} Rxf7 {[%clk 0:04:04]} 33. Kg2 {[%clk 0:03:12]} c5
{[%clk 0:03:37]} 34. Re8+ {[%clk 0:03:00]} Kh7 {[%clk 0:03:36]} 35. Ra8
{[%clk 0:03:00]} d4 {[%clk 0:03:49]} 36. Bd2 {[%clk 0:03:16]} Rf6
{[%clk 0:04:09]} 37. Ra7 {[%clk 0:03:05]} Be5 {[%clk 0:03:48]} 38. g4
{[%clk 0:02:08]} d3 {[%clk 0:01:37]} 39. cxd3 {[%clk 0:02:32]} Bxb2
{[%clk 0:01:50]} 40. Be3 {[%clk 0:32:22]} Bd4 {[%clk 0:31:27]} 41. Bxd4
{[%clk 0:28:14]} cxd4 {[%clk 0:31:33]} 42. Rd7 {[%clk 0:27:45]} Rb6
{[%clk 0:31:35]} 43. Rxd4 {[%clk 0:24:37]} Rb2+ {[%clk 0:31:53]} 44. Kf3
{[%clk 0:24:59]} Rxa2 {[%clk 0:32:16]} 45. Rd6 {[%clk 0:24:29]} Ra1
{[%clk 0:18:49]} 46. d4 {[%clk 0:21:04]} a5 {[%clk 0:19:13]} 47. Ra6
{[%clk 0:16:47]} a4 {[%clk 0:19:21]} 48. d5 {[%clk 0:13:47]} a3 {[%clk 0:16:57]}
49. Ke2 {[%clk 0:07:46]} Kg8 {[%clk 0:16:19]} 50. Kd2 {[%clk 0:02:12]} a2
{[%clk 0:14:38]} 51. d6 {[%clk 0:01:13]} Kf7 {[%clk 0:14:23]} 52. Kc2
{[%clk 0:01:26]} Rg1 {[%clk 0:14:01]} 53. Kb2 {[%clk 0:00:51]} a1=Q+
{[%clk 0:13:41]} 54. Rxa1 {[%clk 0:01:18]} Rxa1 {[%clk 0:14:02]} 55. Kxa1
{[%clk 0:01:47]} Ke6 {[%clk 0:14:25]} 56. d7 {[%clk 0:02:01]} Kxd7
{[%clk 0:14:43]} 57. Kb2 {[%clk 0:02:24]} Kd6 {[%clk 0:15:02]} 58. g5
{[%clk 0:02:03]} g6 {[%clk 0:15:08]} 59. Kc2 {[%clk 0:01:30]} Ke5
{[%clk 0:15:25]} 60. Kd2 {[%clk 0:01:44]} Kf4 {[%clk 0:15:45]} 61. Ke2
{[%clk 0:02:07]} Kxg5 {[%clk 0:14:58]} 62. Kf1 {[%clk 0:01:55]} Kh4
{[%clk 0:14:11]} 63. Kg2 {[%clk 0:01:21]} Kg4 {[%clk 0:14:23]} 64. Kf2
{[%clk 0:01:31]} Kh3 {[%clk 0:14:21]} 65. Kf1 {[%clk 0:01:36]} g5
{[%clk 0:14:14]} 66. Kf2 {[%clk 0:01:49]} g4 {[%clk 0:14:31]} 67. Kf1
{[%clk 0:02:04]} Kh2 {[%clk 0:14:50]} 0-1

[Event "WCO 2016"]
[Site "?"]
[Date "2016.09.09"]
[Round "7"]
[Board "4"]
[WhiteID "7604661"]
[White "Manar Khalil"]
[BlackID "407496"]
[Black "Bhatia Kanwal K"]
[Result "1-0"]
[BlackElo "2133"]
[WhiteElo "1725"]
[LiveChessVersion "1.4.8"]

1. e4 {[%clk 1:30:52]} e5 {[%clk 1:30:55]} 2. Nf3 {[%clk 1:31:06]} Nc6
{[%clk 1:31:20]} 3. d4 {[%clk 1:31:21]} exd4 {[%clk 1:31:44]} 4. Nxd4
{[%clk 1:31:47]} Bb4+ {[%clk 1:31:55]} 5. c3 {[%clk 1:31:27]} Bc5
{[%clk 1:32:19]} 6. Be3 {[%clk 1:30:57]} Bb6 {[%clk 1:32:40]} 7. Bc4
{[%clk 1:29:58]} Nf6 {[%clk 1:32:17]} 8. Nd2 {[%clk 1:26:19]} O-O
{[%clk 1:32:10]} 9. O-O {[%clk 1:25:45]} Ne5 {[%clk 1:26:41]} 10. Be2
{[%clk 1:22:14]} d6 {[%clk 1:26:36]} 11. h3 {[%clk 1:20:33]} Re8 {[%clk 1:26:00]}
12. Qc2 {[%clk 1:16:35]} Ng6 {[%clk 1:17:31]} 13. a4 {[%clk 1:09:13]} a6
{[%clk 1:12:52]} 14. Rfe1 {[%clk 1:05:35]} d5 {[%clk 1:07:55]} 15. Bg5
{[%clk 0:51:17]} c5 {[%clk 0:53:06]} 16. N4f3 {[%clk 0:43:59]} d4
{[%clk 0:36:30]} 17. Nc4 {[%clk 0:34:05]} Bc7 {[%clk 0:34:10]} 18. cxd4
{[%clk 0:31:20]} cxd4 {[%clk 0:34:30]} 19. Rad1 {[%clk 0:31:05]} h6
{[%clk 0:31:07]} 20. Rxd4 {[%clk 0:26:12]} Qe7 {[%clk 0:31:22]} 21. Bxf6
{[%clk 0:24:02]} Qxf6 {[%clk 0:31:44]} 22. Ne3 {[%clk 0:21:49]} Ba5
{[%clk 0:11:55]} 23. Nd5 {[%clk 0:17:57]} Qc6 {[%clk 0:06:44]} 24. Rc4
{[%clk 0:15:08]} Qe6 {[%clk 0:04:14]} 25. b4 {[%clk 0:14:04]} Bd8
{[%clk 0:04:14]} 26. Bd3 {[%clk 0:11:21]} Bd7 {[%clk 0:04:01]} 27. Nd4
{[%clk 0:06:25]} Qe5 {[%clk 0:04:17]} 28. Qd2 {[%clk 0:04:15]} Bxa4
{[%clk 0:03:06]} 29. f4 {[%clk 0:03:58]} Qd6 {[%clk 0:02:54]} 30. Nf5
{[%clk 0:03:40]} Qb8 {[%clk 0:02:06]} 31. Qb2 {[%clk 0:01:37]} f6
{[%clk 0:02:07]} 32. Qd2 {[%clk 0:01:18]} Bc6 {[%clk 0:01:56]} 33. Bb1
{[%clk 0:00:38]} Kh8 {[%clk 0:01:25]} 34. e5 {[%clk 0:00:33]} Bxd5
{[%clk 0:00:55]} 35. Qxd5 {[%clk 0:01:01]} Bb6+ {[%clk 0:01:02]} 36. Kh1
{[%clk 0:01:26]} fxe5 {[%clk 0:01:02]} 37. Qf7 {[%clk 0:01:28]} Rg8
{[%clk 0:00:37]} 38. Qxg6 {[%clk 0:01:48]} Bc7 {[%clk 0:00:40]} 39. Ne7
{[%clk 0:02:02]} 1-0

[Event "WCO 2016"]
[Site "?"]
[Date "2016.09.09"]
[Round "7"]
[Board "1"]
[WhiteID "9902651"]
[White "Ranasinghe S D"]
[BlackID "6101488"]
[Black "Granados Diaz Maria Esther"]
[Result "0-1"]
[BlackElo "1831"]
[WhiteElo "1731"]
[LiveChessVersion "1.4.8"]

1. c4 {[%clk 1:30:53]} e5 {[%clk 1:30:54]} 2. Nc3 {[%clk 1:30:37]} Nf6
{[%clk 1:31:16]} 3. g3 {[%clk 1:30:53]} d5 {[%clk 1:31:42]} 4. cxd5
{[%clk 1:31:17]} Nxd5 {[%clk 1:32:07]} 5. Bg2 {[%clk 1:31:44]} Be6
{[%clk 1:32:31]} 6. Nf3 {[%clk 1:31:50]} Nc6 {[%clk 1:32:54]} 7. O-O
{[%clk 1:32:06]} f6 {[%clk 1:32:53]} 8. d3 {[%clk 1:18:39]} Qd7 {[%clk 1:33:06]}
9. Re1 {[%clk 1:18:25]} O-O-O {[%clk 1:33:26]} 10. Nxd5 {[%clk 1:16:14]} Bxd5
{[%clk 1:33:48]} 11. Be3 {[%clk 1:16:37]} Nd4 {[%clk 1:29:12]} 12. Bxd4
{[%clk 1:10:45]} exd4 {[%clk 1:29:34]} 13. e4 {[%clk 1:11:03]} dxe3
{[%clk 1:21:37]} 14. fxe3 {[%clk 1:11:21]} Bb4 {[%clk 1:21:37]} 15. Rf1
{[%clk 1:10:00]} Rhe8 {[%clk 1:21:31]} 16. a3 {[%clk 1:09:55]} Bc5
{[%clk 1:19:43]} 17. d4 {[%clk 1:10:02]} Bf8 {[%clk 1:19:41]} 18. Qd2
{[%clk 1:09:15]} g6 {[%clk 1:10:32]} 19. Rac1 {[%clk 1:04:08]} Kb8
{[%clk 1:05:59]} 20. Ne1 {[%clk 0:58:42]} Bh6 {[%clk 1:04:19]} 21. Rc3
{[%clk 0:58:53]} Qe7 {[%clk 0:59:49]} 22. Nc2 {[%clk 0:53:42]} c5
{[%clk 0:53:10]} 23. Rxc5 {[%clk 0:38:22]} Bxg2 {[%clk 0:52:52]} 24. Kxg2
{[%clk 0:33:57]} Qxc5 {[%clk 0:50:42]} 25. dxc5 {[%clk 0:22:57]} Rxd2+
{[%clk 0:51:02]} 26. Rf2 {[%clk 0:23:24]} Red8 {[%clk 0:50:39]} 27. Nd4
{[%clk 0:15:54]} Bxe3 {[%clk 0:50:39]} 28. Rxd2 {[%clk 0:16:19]} Bxd2
{[%clk 0:50:58]} 29. Nb5 {[%clk 0:14:39]} Bc1 {[%clk 0:51:06]} 0-1

[Event "WCO 2016"]
[Site "?"]
[Date "2016.09.09"]
[Round "7"]
[Board "2"]
[WhiteID "6100694"]
[White "Alarcon Pamela"]
[BlackID "9918264"]
[Black "Tharushi T H D Niklesha"]
[Result "1-0"]
[BlackElo "1584"]
[WhiteElo "1834"]
[LiveChessVersion "1.4.8"]

1. d4 {[%clk 1:30:52]} Nf6 {[%clk 1:30:47]} 2. c4 {[%clk 1:31:09]} e6
{[%clk 1:31:11]} 3. a3 {[%clk 1:31:15]} d5 {[%clk 1:31:33]} 4. Nc3
{[%clk 1:31:36]} c5 {[%clk 1:31:47]} 5. e3 {[%clk 1:31:55]} a6 {[%clk 1:32:02]}
6. Nf3 {[%clk 1:31:52]} Be7 {[%clk 1:32:14]} 7. Bd3 {[%clk 1:31:18]} dxc4
{[%clk 1:32:14]} 8. Bxc4 {[%clk 1:31:41]} b5 {[%clk 1:32:34]} 9. Bd3
{[%clk 1:31:07]} Bb7 {[%clk 1:32:10]} 10. O-O {[%clk 1:31:20]} Nc6
{[%clk 1:30:51]} 11. dxc5 {[%clk 1:30:26]} Bxc5 {[%clk 1:30:12]} 12. b4
{[%clk 1:30:47]} Ba7 {[%clk 1:27:17]} 13. Bb2 {[%clk 1:30:55]} O-O
{[%clk 1:27:36]} 14. Qe2 {[%clk 1:25:02]} Qc7 {[%clk 1:25:30]} 15. Rac1
{[%clk 1:18:55]} Rad8 {[%clk 1:24:05]} 16. Qc2 {[%clk 1:02:55]} h6
{[%clk 1:03:48]} 17. Nxb5 {[%clk 0:48:03]} axb5 {[%clk 0:59:06]} 18. Bxb5
{[%clk 0:48:28]} Rc8 {[%clk 0:40:35]} 19. Ne5 {[%clk 0:48:42]} Bb8
{[%clk 0:39:33]} 20. Bxc6 {[%clk 0:49:05]} Nd7 {[%clk 0:38:57]} 21. Bxb7
{[%clk 0:18:21]} Qxc2 {[%clk 0:34:57]} 22. Bxc8 {[%clk 0:18:42]} Qxb2
{[%clk 0:34:24]} 23. Nxd7 {[%clk 0:19:07]} Bxh2+ {[%clk 0:33:50]} 24. Kxh2
{[%clk 0:19:18]} Rd8 {[%clk 0:33:51]} 25. Kg1 {[%clk 0:18:49]} Qxa3
{[%clk 0:34:02]} 26. Rfd1 {[%clk 0:19:04]} Kh8 {[%clk 0:33:17]} 27. b5
{[%clk 0:19:18]} Qa8 {[%clk 0:29:55]} 28. Ba6 {[%clk 0:19:31]} f6
{[%clk 0:25:45]} 29. Rc7 {[%clk 0:19:30]} e5 {[%clk 0:23:54]} 30. Rd6
{[%clk 0:18:30]} h5 {[%clk 0:21:13]} 31. Rdc6 {[%clk 0:18:42]} Kh7
{[%clk 0:18:22]} 32. Nxf6+ {[%clk 0:18:37]} Kg6 {[%clk 0:18:36]} 33. Ne8+
{[%clk 0:17:41]} Kg5 {[%clk 0:17:37]} 34. Rxg7+ {[%clk 0:17:11]} Kh4
{[%clk 0:16:43]} 35. Rc4+ {[%clk 0:17:27]} e4 {[%clk 0:17:03]} 36. Kh2
{[%clk 0:16:58]} 1-0

[Event "WCO 2016"]
[Site "?"]
[Date "2016.09.09"]
[Round "7"]
[Board "3"]
[WhiteID "9906738"]
[White "Wickramasinghe Dilhara Ishini"]
[BlackID "6102115"]
[Black "Moraga Maria"]
[Result "1-0"]
[BlackElo "1732"]
[WhiteElo "1750"]
[LiveChessVersion "1.4.8"]

1. d4 {[%clk 1:30:49]} d5 {[%clk 1:30:53]} 2. c4 {[%clk 1:31:14]} e6
{[%clk 1:31:15]} 3. Nc3 {[%clk 1:31:39]} Bb4 {[%clk 1:31:32]} 4. Qa4+
{[%clk 1:31:54]} Nc6 {[%clk 1:31:47]} 5. e3 {[%clk 1:31:41]} Nf6 {[%clk 1:32:04]}
6. Bd2 {[%clk 1:31:38]} Bxc3 {[%clk 1:30:40]} 7. Bxc3 {[%clk 1:31:29]} O-O
{[%clk 1:30:19]} 8. Nf3 {[%clk 1:29:49]} a6 {[%clk 1:28:34]} 9. Qc2
{[%clk 1:29:01]} b6 {[%clk 1:23:52]} 10. cxd5 {[%clk 1:17:48]} exd5
{[%clk 1:22:42]} 11. Bd3 {[%clk 1:15:47]} h6 {[%clk 1:18:34]} 12. O-O
{[%clk 1:10:58]} Bg4 {[%clk 1:16:12]} 13. Nd2 {[%clk 0:59:50]} Re8
{[%clk 1:13:00]} 14. a3 {[%clk 0:57:08]} a5 {[%clk 1:11:12]} 15. Bb5
{[%clk 0:52:24]} Bd7 {[%clk 1:07:42]} 16. Qa4 {[%clk 0:47:23]} Re6
{[%clk 0:58:52]} 17. Rac1 {[%clk 0:34:32]} Qe8 {[%clk 0:56:06]} 18. Rfe1
{[%clk 0:29:56]} Nb8 {[%clk 0:48:10]} 19. Bxd7 {[%clk 0:26:35]} Qxd7
{[%clk 0:38:05]} 20. Qxd7 {[%clk 0:14:35]} Nbxd7 {[%clk 0:38:11]} 21. f3
{[%clk 0:13:14]} Rae8 {[%clk 0:36:21]} 22. Kf2 {[%clk 0:13:27]} Nb8
{[%clk 0:27:27]} 23. Nb1 {[%clk 0:11:23]} Na6 {[%clk 0:26:35]} 24. b4
{[%clk 0:10:10]} axb4 {[%clk 0:25:25]} 25. axb4 {[%clk 0:10:28]} c5
{[%clk 0:19:05]} 26. bxc5 {[%clk 0:04:58]} bxc5 {[%clk 0:19:28]} 27. Nd2
{[%clk 0:05:04]} cxd4 {[%clk 0:15:52]} 28. Bxd4 {[%clk 0:04:03]} Nb4
{[%clk 0:10:27]} 29. Rc3 {[%clk 0:03:56]} Nc6 {[%clk 0:09:12]} 30. Nb3
{[%clk 0:02:20]} Nd7 {[%clk 0:04:05]} 31. Rec1 {[%clk 0:01:29]} Ndb8
{[%clk 0:02:09]} 32. Ra1 {[%clk 0:01:16]} Nb4 {[%clk 0:01:36]} 33. Ra8
{[%clk 0:00:43]} N8c6 {[%clk 0:01:27]} 34. Rxe8+ {[%clk 0:00:53]} Rxe8
{[%clk 0:01:56]} 35. Bc5 {[%clk 0:00:42]} Ra8 {[%clk 0:01:38]} 36. Bxb4
{[%clk 0:00:41]} Nxb4 {[%clk 0:02:06]} 37. Nd4 {[%clk 0:00:35]} Ra2+
{[%clk 0:02:05]} 38. Kg3 {[%clk 0:00:53]} Kh7 {[%clk 0:00:31]} 39. Rb3
{[%clk 0:00:34]} Nc2 {[%clk 0:00:34]} 40. Nxc2 {[%clk 0:30:42]} Rxc2
{[%clk 0:31:01]} 41. Rd3 {[%clk 0:24:24]} Re2 {[%clk 0:29:26]} 42. f4
{[%clk 0:19:40]} Kg6 {[%clk 0:25:33]} 43. Kf3 {[%clk 0:17:49]} Rb2
{[%clk 0:25:33]} 44. Rxd5 {[%clk 0:17:40]} Rb6 {[%clk 0:25:36]} 45. Rd3
{[%clk 0:12:07]} Kf6 {[%clk 0:24:09]} 46. e4 {[%clk 0:10:00]} Ra6
{[%clk 0:20:07]} 47. e5+ {[%clk 0:07:33]} Ke6 {[%clk 0:18:23]} 48. g4
{[%clk 0:06:02]} g6 {[%clk 0:15:59]} 49. Ke4 {[%clk 0:04:15]} Ra4+
{[%clk 0:15:05]} 50. Rd4 {[%clk 0:04:03]} Ra6 {[%clk 0:08:18]} 51. f5+
{[%clk 0:04:08]} Ke7 {[%clk 0:07:50]} 52. h3 {[%clk 0:02:05]} g5 {[%clk 0:06:26]}
53. Rd3 {[%clk 0:01:01]} Ra4+ {[%clk 0:06:22]} 54. Ke3 {[%clk 0:00:53]} Ra5
{[%clk 0:06:11]} 55. Ke4 {[%clk 0:00:47]} Ra4+ {[%clk 0:06:29]} 56. Kf3
{[%clk 0:00:37]} Ra5 {[%clk 0:06:30]} 57. Re3 {[%clk 0:00:43]} Rd5
{[%clk 0:04:46]} 58. Kg3 {[%clk 0:00:42]} Rc5 {[%clk 0:04:49]} 59. Kf3
{[%clk 0:00:41]} Ra5 {[%clk 0:05:00]} 60. Ke4 {[%clk 0:00:45]} Ra4+
{[%clk 0:04:51]} 61. Kd5 {[%clk 0:00:40]} Ra5+ {[%clk 0:05:00]} 62. Kc4
{[%clk 0:00:39]} Ra2 {[%clk 0:03:25]} 63. Kb3 {[%clk 0:00:37]} Rd2
{[%clk 0:03:29]} 64. Kc3 {[%clk 0:00:52]} Rd5 {[%clk 0:03:51]} 65. Kc4
{[%clk 0:00:54]} Ra5 {[%clk 0:04:08]} 66. e6 {[%clk 0:00:39]} Ra6
{[%clk 0:00:36]} 67. exf7+ {[%clk 0:00:36]} Kxf7 {[%clk 0:01:02]} 68. Kb5
{[%clk 0:00:42]} Rd6 {[%clk 0:00:37]} 69. Rc3 {[%clk 0:00:39]} Rd7
{[%clk 0:00:31]} 70. Kb6 {[%clk 0:00:48]} Rd4 {[%clk 0:00:34]} 71. Rc7+
{[%clk 0:00:38]} Kg8 {[%clk 0:00:49]} 72. Rc6 {[%clk 0:00:40]} Kh7
{[%clk 0:01:01]} 73. Rc3 {[%clk 0:00:35]} h5 {[%clk 0:00:36]} 74. gxh5
{[%clk 0:00:36]} Kh6 {[%clk 0:00:57]} 75. Rf3 {[%clk 0:00:45]} Rd6+
{[%clk 0:00:46]} 76. Kc5 {[%clk 0:00:40]} Rf6 {[%clk 0:01:06]} 77. Kd5
{[%clk 0:00:40]} Kxh5 {[%clk 0:01:23]} 78. Ke5 {[%clk 0:00:47]} Rf8
{[%clk 0:01:20]} 79. Ke6 {[%clk 0:00:44]} Kh6 {[%clk 0:01:38]} 80. f6
{[%clk 0:00:38]} Kg6 {[%clk 0:01:54]} 81. Ke7 {[%clk 0:00:32]} Rf7+
{[%clk 0:02:14]} 82. Ke6 {[%clk 0:00:49]} 1-0

[Event "WCO 2016"]
[Site "?"]
[Date "2016.09.09"]
[Round "7"]
[Board "4"]
[WhiteID "6102387"]
[White "Leon Sandoval Johan"]
[BlackID "9907696"]
[Black "Mendis Dasuni Hansika"]
[Result "0-1"]
[BlackElo "1699"]
[WhiteElo "1703"]
[LiveChessVersion "1.4.8"]

1. c4 {[%clk 1:30:39]} c5 {[%clk 1:30:51]} 2. Nf3 {[%clk 1:31:03]} Nc6
{[%clk 1:30:12]} 3. d4 {[%clk 1:31:16]} cxd4 {[%clk 1:29:05]} 4. Nxd4
{[%clk 1:31:38]} g6 {[%clk 1:27:41]} 5. Nc3 {[%clk 1:30:57]} Bg7 {[%clk 1:28:00]}
6. Nc2 {[%clk 1:29:23]} Nf6 {[%clk 1:27:11]} 7. g3 {[%clk 1:29:37]} O-O
{[%clk 1:27:21]} 8. Bg2 {[%clk 1:30:01]} d6 {[%clk 1:27:10]} 9. O-O
{[%clk 1:30:13]} a6 {[%clk 1:20:48]} 10. b3 {[%clk 1:29:19]} Rb8 {[%clk 1:20:20]}
11. Bb2 {[%clk 1:29:00]} Bd7 {[%clk 1:20:08]} 12. Nd5 {[%clk 1:27:08]} Ne8
{[%clk 1:15:00]} 13. Bxg7 {[%clk 1:24:07]} Nxg7 {[%clk 1:15:11]} 14. e4
{[%clk 1:22:51]} Na5 {[%clk 1:00:26]} 15. Qd2 {[%clk 1:21:04]} Re8
{[%clk 0:53:29]} 16. Rfd1 {[%clk 1:17:02]} Be6 {[%clk 0:47:17]} 17. Nce3
{[%clk 1:14:24]} Nc6 {[%clk 0:41:03]} 18. f4 {[%clk 1:11:10]} Qc8
{[%clk 0:19:44]} 19. Nb6 {[%clk 1:08:19]} Qc7 {[%clk 0:19:09]} 20. Nbd5
{[%clk 1:05:06]} Qc8 {[%clk 0:19:12]} 21. Rac1 {[%clk 1:01:13]} b6
{[%clk 0:18:23]} 22. b4 {[%clk 0:58:34]} Nd8 {[%clk 0:17:44]} 23. a4
{[%clk 0:55:36]} f5 {[%clk 0:13:52]} 24. exf5 {[%clk 0:51:41]} Nxf5
{[%clk 0:13:38]} 25. Nxf5 {[%clk 0:50:09]} Bxf5 {[%clk 0:14:00]} 26. Re1
{[%clk 0:50:01]} Be6 {[%clk 0:08:26]} 27. Qf2 {[%clk 0:46:43]} Bxd5
{[%clk 0:07:50]} 28. cxd5 {[%clk 0:45:56]} Qd7 {[%clk 0:08:05]} 29. Qc2
{[%clk 0:44:36]} Nf7 {[%clk 0:04:35]} 30. Qc6 {[%clk 0:44:14]} Qa7
{[%clk 0:04:39]} 31. Qc2 {[%clk 0:42:28]} b5+ {[%clk 0:04:25]} 32. Kf1
{[%clk 0:42:13]} bxa4 {[%clk 0:03:14]} 33. Qxa4 {[%clk 0:41:12]} Qb6
{[%clk 0:03:25]} 34. Rc4 {[%clk 0:40:26]} Kf8 {[%clk 0:03:07]} 35. Qa5
{[%clk 0:39:03]} Qxa5 {[%clk 0:02:17]} 36. bxa5 {[%clk 0:39:16]} Rb5
{[%clk 0:02:43]} 37. Ra1 {[%clk 0:38:48]} Reb8 {[%clk 0:02:19]} 38. Rc6
{[%clk 0:38:24]} Ra8 {[%clk 0:02:45]} 39. Ra2 {[%clk 0:38:00]} Nd8
{[%clk 0:01:57]} 40. Rb6 {[%clk 1:07:43]} Nb7 {[%clk 0:31:04]} 41. Rxb5
{[%clk 1:03:38]} axb5 {[%clk 0:31:34]} 42. a6 {[%clk 1:03:12]} Nc5
{[%clk 0:31:59]} 43. Rb2 {[%clk 1:02:55]} Rxa6 {[%clk 0:31:51]} 44. Rxb5
{[%clk 1:03:22]} Ra1+ {[%clk 0:32:13]} 45. Kf2 {[%clk 1:00:29]} Ra2+
{[%clk 0:31:26]} 46. Kg1 {[%clk 0:59:04]} Ra1+ {[%clk 0:26:00]} 47. Kf2
{[%clk 0:54:57]} Nd3+ {[%clk 0:26:14]} 48. Ke3 {[%clk 0:53:05]} Ra3
{[%clk 0:23:22]} 49. Kd4 {[%clk 0:49:07]} Nc5 {[%clk 0:22:28]} 50. Rb2
{[%clk 0:46:11]} Kf7 {[%clk 0:19:51]} 51. Bf1 {[%clk 0:45:28]} Ra1
{[%clk 0:18:58]} 52. Bc4 {[%clk 0:44:01]} Re1 {[%clk 0:15:19]} 53. Re2
{[%clk 0:40:44]} Rd1+ {[%clk 0:13:49]} 54. Ke3 {[%clk 0:39:35]} Rc1
{[%clk 0:13:44]} 55. Ba2 {[%clk 0:37:49]} Rc3+ {[%clk 0:12:41]} 56. Kd2
{[%clk 0:33:36]} Ra3 {[%clk 0:12:54]} 57. Kd1 {[%clk 0:31:44]} Na4
{[%clk 0:12:47]} 58. Kc1 {[%clk 0:26:02]} Nc3 {[%clk 0:11:33]} 59. Rc2
{[%clk 0:23:47]} Nxa2+ {[%clk 0:10:25]} 60. Kb2 {[%clk 0:23:10]} Ra5
{[%clk 0:10:25]} 61. Kb3 {[%clk 0:23:03]} Rxd5 {[%clk 0:10:50]} 62. Rxa2
{[%clk 0:23:30]} Rc5 {[%clk 0:10:12]} 63. Re2 {[%clk 0:21:03]} Kf6
{[%clk 0:10:31]} 64. h3 {[%clk 0:21:17]} e5 {[%clk 0:09:26]} 65. fxe5+
{[%clk 0:20:02]} Rxe5 {[%clk 0:07:51]} 66. Rd2 {[%clk 0:19:51]} Re3+
{[%clk 0:08:08]} 67. Kc4 {[%clk 0:19:46]} Rxg3 {[%clk 0:02:07]} 68. Rxd6+
{[%clk 0:19:55]} Ke7 {[%clk 0:02:37]} 69. Rd3 {[%clk 0:19:01]} Rxd3
{[%clk 0:01:36]} 70. Kxd3 Kf6 {[%clk 0:01:39]} 71. h4 {[%clk 0:15:05]} Kf5
{[%clk 0:01:35]} 72. h5 {[%clk 0:14:54]} g5 {[%clk 0:00:58]} 73. Ke3
{[%clk 0:15:07]} Kg4 {[%clk 0:01:19]} 74. h6 {[%clk 0:12:52]} Kh5
{[%clk 0:01:26]} 75. Kf3 {[%clk 0:13:20]} Kxh6 {[%clk 0:01:51]} 76. Kg4
{[%clk 0:13:41]} Kg6 {[%clk 0:02:18]} 77. Kg3 {[%clk 0:13:58]} Kf5
{[%clk 0:02:39]} 78. Kf3 {[%clk 0:14:24]} h5 {[%clk 0:03:02]} 79. Kg3
{[%clk 0:14:47]} Ke4 {[%clk 0:03:26]} 80. Kf2 {[%clk 0:15:10]} Kf4
{[%clk 0:03:48]} 81. Kg2 {[%clk 0:15:24]} Kg4 {[%clk 0:04:12]} 82. Kh2
{[%clk 0:15:48]} Kf3 {[%clk 0:04:31]} 83. Kh3 {[%clk 0:16:11]} h4
{[%clk 0:03:17]} 84. Kh2 {[%clk 0:16:21]} g4 {[%clk 0:03:33]} 85. Kg1
{[%clk 0:16:40]} Kg3 {[%clk 0:03:55]} 86. Kh1 {[%clk 0:16:53]} Kf2
{[%clk 0:03:54]} 0-1